[Event "Stuttgarter SF 2 - TSV Schönaich 2"]
[Site "?"]
[Date "2022.09.18"]
[Round "1.3"]
[White "Vyval, Volodymyr"]
[Black "Lorscheid, Gerhard"]
[Result "1-0"]
[WhiteElo "2261"]
[BlackElo "2124"]
[PlyCount "57"]
[EventDate "2022.??.??"]

1. e4 d6 2. d4 Nf6 3. Nc3 e5 4. Nge2 exd4 5. Nxd4 Be7 6. Bd3 O-O 7. O-O Re8 8. h3 Bf8 9. Bg5 h6 10. Bh4 Nc6 11. Nxc6 bxc6 12. f4 Be7 13. Qf3 Nd7 14. Bxe7 Qxe7 15. Rae1 Rb8 16. e5 dxe5 17. fxe5 Nc5 18. b3 Rd8 19. Bc4 Be6 20. Bxe6 Qxe6 21. Qe3 Qe7 22. Ne4 Rd5 23. Nc3 Rdd8 24. Rf4 Rb6 25. Ref1 Rf8 26. Rg4 Kh8 27. Rf6 Ne6 28. Rxh6+ Kg8 29. Ne4 1-0

[Event "Stuttgarter SF 2 - TSV Schönaich 2"]
[Site "?"]
[Date "2022.09.18"]
[Round "1.4"]
[White "Fritsch, Rolf"]
[Black "Kocharin, Timur"]
[Result "1/2-1/2"]
[WhiteElo "2173"]
[BlackElo "1971"]
[PlyCount "62"]
[EventDate "2022.??.??"]

1. c4 e5 2. g3 c6 3. Bg2 Nf6 4. Nc3 d5 5. d4 exd4 6. Qxd4 dxc4 7. Qxc4 Be6 8. Qa4 Nbd7 9. Nf3 Bc5 10. O-O O-O 11. Qc2 Qe7 12. h3 h6 13. e4 a5 14. Re1 Rfd8 15. b3 b5 16. Bb2 Nh5 17. Kh2 a4 18. bxa4 bxa4 19. Nd1 a3 20. Bc3 Nb6 21. Ne5 Qc7 22. Nd3 Bd4 23. Bxd4 Rxd4 24. Ne3 Nc4 25. Qc3 Nxe3 26. Rxe3 Rc4 27. Qd2 Rd8 28. Qe2 Rc3 29. Rc1 Rxc1 30. Nxc1 Qa5 31. e5 Qd2 1/2-1/2

[Event "Stuttgarter SF 2 - TSV Schönaich 2"]
[Site "?"]
[Date "2022.09.18"]
[Round "1.6"]
[White "Forster, Lukas"]
[Black "Petzold, Tristan"]
[Result "1-0"]
[WhiteElo "1937"]
[BlackElo "2153"]
[PlyCount "49"]
[EventDate "2022.??.??"]

1. e4 e5 2. Nf3 Nc6 3. Bb5 a6 4. Ba4 Nf6 5. O-O b5 6. Bb3 Bc5 7. c3 Nxe4 8. d4 exd4 9. cxd4 Be7 10. d5 Na5 11. Bc2 Nf6 12. Re1 O-O 13. Bg5 Re8 14. Qd3 g6 15. Nbd2 Ng4 16. h3 Bxg5 17. Rxe8+ Qxe8 18. Nxg5 Ne5 19. Qc3 Qe7 20. f4 Nec4 21. Nde4 f5 22. Nf6+ Kf8 23. Re1 b4 24. Rxe7 bxc3 25. Rf7# 1-0

[Event "Stuttgarter SF 2 - TSV Schönaich 2"]
[Site "?"]
[Date "2022.09.18"]
[Round "1.7"]
[White "Stukenbrok, Nils"]
[Black "Schwarzburger, Lothar"]
[Result "1-0"]
[WhiteElo "2065"]
[BlackElo "2170"]
[PlyCount "69"]
[EventDate "2022.??.??"]

1. d4 d5 2. c4 e6 3. Nc3 Nf6 4. cxd5 exd5 5. Bg5 Be7 6. e3 O-O 7. Bd3 Nbd7 8. Nge2 c6 9. Qc2 Re8 10. O-O h6 11. Bh4 Ne4 12. Bxe7 Qxe7 13. Bxe4 dxe4 14. Nf4 Nf6 15. Rab1 Be6 16. Rfc1 g5 17. Nxe6 Qxe6 18. b4 Rac8 19. Qa4 a6 20. Qa5 Rcd8 21. Rb2 Nd5 22. Rbc2 f5 23. Nxd5 Rxd5 24. Rc5 Red8 25. h3 f4 26. Rxd5 Rxd5 27. Rc5 Rxc5 28. Qd8+ Kg7 29. dxc5 Kg6 30. Qc7 Qc4 31. Qxb7 Qe2 32. Qxc6+ Kh5 33. Qxe4 Qe1+ 34. Kh2 Qxf2 35. exf4 1-0

[Event "Stuttgarter SF 2 - TSV Schönaich 2"]
[Site "?"]
[Date "2022.09.18"]
[Round "1.8"]
[White "Migl, Dieter"]
[Black "Kilinc, Can"]
[Result "1-0"]
[WhiteElo "2114"]
[BlackElo "1973"]
[PlyCount "67"]
[EventDate "2022.??.??"]

1. e4 e5 2. Nf3 Nc6 3. d4 exd4 4. Bc4 Bc5 5. c3 Nf6 6. e5 d5 7. Bb5 Ne4 8. cxd4 Bb6 9. Nc3 Bg4 10. Be3 O-O 11. h3 Bf5 12. Bxc6 bxc6 13. Na4 Qe7 14. O-O Bd7 15. Rc1 Rab8 16. Nd2 Nxd2 17. Qxd2 f6 18. Bf4 Rbe8 19. Nc5 fxe5 20. Bxe5 Rf7 21. Rfe1 Qd8 22. Re3 Ref8 23. Rg3 Re8 24. b4 Bf5 25. a4 Bxc5 26. Rxc5 Bd7 27. Rcc3 Re6 28. a5 Qb8 29. Rce3 Bc8 30. Ref3 Rfe7 31. Qf4 Ba6 32. Bxg7 Rg6 33. Bh6 Qe8 34. Qf8+ 1-0

[Event "SF Deizisau 2 - SK Schmiden/Cannstatt"]
[Site "?"]
[Date "2022.11.06"]
[Round "3.1"]
[White "Krockenberger, Martin"]
[Black "Dabo-Peranic, Robert"]
[Result "1/2-1/2"]
[WhiteElo "2204"]
[BlackElo "2327"]
[PlyCount "188"]
[EventDate "2022.??.??"]

1. d4 d5 2. c4 dxc4 3. Nf3 Nf6 4. e3 e6 5. Bxc4 c5 6. O-O a6 7. dxc5 Bxc5 8. Qxd8+ Kxd8 9. b3 Ke7 10. Bb2 Nbd7 11. Nbd2 b6 12. Be2 Bb7 13. Nc4 Rhc8 14. Rac1 Ne8 15. Rfd1 f6 16. Nd4 g6 17. Bf3 Bxf3 18. Nxf3 e5 19. g4 h6 20. Nh4 Nf8 21. b4 Bxb4 22. Nxb6 Rxc1 23. Rxc1 Rd8 24. e4 Rd2 25. Nd5+ Kf7 26. Nxb4 Rxb2 27. Nxa6 Rxa2 28. Rc6 Ne6 29. Rb6 Nf4 30. f3 Rd2 31. Rb7+ Kf8 32. Nc5 Nd6 33. Ra7 Nb5 34. Rb7 Nd4 35. Nd7+ Ke8 36. Nxf6+ Kd8 37. Nd5 g5 38. Nf5 Nxf3+ 39. Kf1 Nxh2+ 40. Kg1 Nf3+ 41. Kf1 Nxd5 42. exd5 Nh2+ 43. Ke1 Nf3+ 44. Kf1 e4 45. d6 e3 46. Nxe3 Nh2+ 47. Kg1 Nf3+ 48. Kf1 Rxd6 49. Kf2 Ne5 50. Rb5 Rf6+ 51. Kg2 Re6 52. Kg3 Ng6 53. Nf5 Ne7 54. Nxe7 Kxe7 55. Rb3 Kd6 56. Ra3 Kd5 57. Kf3 Rf6+ 58. Kg3 Rc6 59. Re3 Kd4 60. Re8 Rc3+ 61. Kg2 Re3 62. Rh8 Re6 63. Kf3 Rf6+ 64. Kg3 Ke3 65. Re8+ Kd2 66. Re7 Rd6 67. Re8 Kd1 68. Re7 Rd3+ 69. Kg2 Rd2+ 70. Kg3 Rd3+ 71. Kg2 Rd6 72. Kg3 Kc2 73. Re8 Kc3 74. Re7 Rd3+ 75. Kg2 Kd4 76. Re6 Kd5 77. Rxh6 Ke5 78. Ra6 Rd6 79. Rxd6 Kxd6 80. Kf3 Kd5 81. Ke3 Ke5 82. Kf3 Kd4 83. Kf2 Ke4 84. Kg3 Ke3 85. Kh3 Kf4 86. Kh2 Kxg4 87. Kg2 Kf4 88. Kf2 g4 89. Kg2 g3 90. Kg1 Kg5 91. Kg2 Kh4 92. Kg1 Kh3 93. Kh1 g2+ 94. Kg1 Kg3 1/2-1/2

[Event "SF Deizisau 2 - SK Schmiden/Cannstatt"]
[Site "?"]
[Date "2022.11.06"]
[Round "3.2"]
[White "Ruf, Matthias"]
[Black "Schmidt, Tobias"]
[Result "0-1"]
[WhiteElo "2332"]
[BlackElo "2266"]
[PlyCount "124"]
[EventDate "2022.??.??"]

1. d4 Nf6 2. Nc3 e6 3. e4 d5 4. exd5 exd5 5. Nf3 Bb4 6. Bd2 O-O 7. Be2 h6 8. a3 Bxc3 9. Bxc3 Ne4 10. Bb4 Re8 11. a4 Nc6 12. Ba3 Qf6 13. O-O Nd8 14. Ne5 Bf5 15. f3 Nd6 16. Re1 Ne6 17. Bf1 h5 18. Qd2 h4 19. b3 Bh7 20. Qf2 Nf4 21. Bc1 g5 22. c4 Nf5 23. Bb2 Qb6 24. g3 hxg3 25. hxg3 Ng6 26. c5 Qf6 27. Bd3 Nfe7 28. Nd7 Qg7 29. Qd2 Rad8 30. Ne5 Nf8 31. Re2 f6 32. Ng4 Nf5 33. Kf2 Nh6 34. Ne3 f5 35. Rae1 Re6 36. Nxd5 Rxe2+ 37. Rxe2 Rxd5 38. Bc4 c6 39. Re5 Qg6 40. Rxd5 cxd5 41. Bxd5+ Nf7 42. Bxb7 Qh5 43. Kg1 f4 44. g4 Qh4 45. Qf2 Qh6 46. d5 Qg6 47. Qd4 Nd7 48. b4 Nde5 49. Qc3 Nxf3+ 50. Kf2 N3e5 51. d6 Nd3+ 52. Kg1 Nxb2 53. Qxb2 Qd3 54. Qg2 Qb1+ 55. Kh2 Qxb4 56. Qd5 Qb2+ 57. Kg1 Qc1+ 58. Kg2 Qc2+ 59. Kh3 Bd3 60. Qf3 Be2 61. Qg2 Qb3+ 62. Kh2 f3 0-1

[Event "SF Deizisau 2 - SK Schmiden/Cannstatt"]
[Site "?"]
[Date "2022.11.06"]
[Round "3.3"]
[White "Trachtmann, Mark"]
[Black "Gustain, Marc"]
[Result "1-0"]
[WhiteElo "2218"]
[BlackElo "2189"]
[PlyCount "107"]
[EventDate "2022.??.??"]

1. d4 d5 2. c4 dxc4 3. e3 e5 4. Bxc4 exd4 5. exd4 Bd6 6. Nf3 Nf6 7. Qe2+ Qe7 8. Qxe7+ Bxe7 9. O-O Nbd7 10. Re1 Nb6 11. Bb3 Nfd5 12. Nc3 c6 13. Nxd5 Nxd5 14. Bxd5 cxd5 15. Bf4 Be6 16. Rac1 Bd8 17. Bc7 Rc8 18. Bd6 Rxc1 19. Rxc1 Kd7 20. Bc5 a6 21. Ne5+ Ke8 22. Rc3 h5 23. Rb3 Bc8 24. Bb6 Ke7 25. Nd3 Rh6 26. Bc5+ Ke8 27. Nf4 g5 28. Re3+ Kd7 29. Nxd5 b6 30. Bf8 Re6 31. Nc3 Bf6 32. Rxe6 fxe6 33. Bh6 Bxd4 34. Bxg5 Bxc3 35. bxc3 Kd6 36. Kf1 Ke5 37. Ke2 Bb7 38. f3 Bd5 39. a3 Bc4+ 40. Ke3 Kf5 41. Bd8 b5 42. h3 Bf1 43. g4+ Kg6 44. h4 Bc4 45. Kf4 Be2 46. Bg5 a5 47. a4 b4 48. cxb4 axb4 49. Be7 b3 50. Ba3 e5+ 51. Ke3 Bd1 52. gxh5+ Kxh5 53. a5 Kxh4 54. Bb2 1-0

[Event "SF Deizisau 2 - SK Schmiden/Cannstatt"]
[Site "?"]
[Date "2022.11.06"]
[Round "3.4"]
[White "Jelica, Mara"]
[Black "Holzhaeuer, Mathias"]
[Result "1/2-1/2"]
[WhiteElo "2111"]
[BlackElo "2244"]
[PlyCount "57"]
[EventDate "2022.??.??"]

1. e4 d5 2. exd5 Nf6 3. d4 Bg4 4. f3 Bf5 5. Bb5+ Nbd7 6. c4 e6 7. dxe6 Bxe6 8. d5 Bf5 9. Nc3 Bc5 10. Qe2+ Qe7 11. Qxe7+ Kxe7 12. Bf4 a6 13. Bxd7 Kxd7 14. O-O-O b5 15. g4 Bg6 16. Nge2 bxc4 17. Rhe1 Rhe8 18. Ng3 Bf2 19. Rxe8 Rxe8 20. g5 Nh5 21. Nxh5 Bxh5 22. Kd2 Bd4 23. Rf1 Rb8 24. Kc1 Bg6 25. Bd2 f6 26. f4 fxg5 27. fxg5 Re8 28. Rf4 Be5 29. Rf2 1/2-1/2

[Event "SF Deizisau 2 - SK Schmiden/Cannstatt"]
[Site "?"]
[Date "2022.11.06"]
[Round "3.5"]
[White "Loehr, Markus"]
[Black "Valkova, Angelika"]
[Result "1/2-1/2"]
[WhiteElo "2192"]
[BlackElo "2081"]
[PlyCount "35"]
[EventDate "2022.??.??"]

1. d4 d5 2. Nf3 Nf6 3. c4 e6 4. g3 dxc4 5. Bg2 Nbd7 6. Qa4 a6 7. Qxc4 b5 8. Qc2 Bb7 9. O-O c5 10. Nc3 cxd4 11. Nxd4 Bxg2 12. Kxg2 Rc8 13. a3 Be7 14. Bg5 h6 15. Bxf6 Bxf6 16. Rad1 O-O 17. Qe4 Rc4 18. Qe3 1/2-1/2

[Event "SF Deizisau 2 - SK Schmiden/Cannstatt"]
[Site "?"]
[Date "2022.11.06"]
[Round "3.6"]
[White "Brenner, Markus"]
[Black "Thoma, Christian"]
[Result "1/2-1/2"]
[WhiteElo "2089"]
[BlackElo "2190"]
[PlyCount "77"]
[EventDate "2022.??.??"]

1. e4 c5 2. d4 cxd4 3. c3 dxc3 4. Nxc3 d6 5. Bc4 Nc6 6. Nf3 a6 7. O-O Nf6 8. Bf4 e6 9. Qe2 Be7 10. Rfd1 Qc7 11. Rac1 O-O 12. Bb3 Qb8 13. h3 Ne5 14. Nd4 Bd7 15. Bg3 Rc8 16. f4 Nc6 17. Nf3 Na5 18. Bc2 g6 19. Bh4 Bb5 20. Nxb5 axb5 21. b3 Nc6 22. Bb1 b4 23. Qb2 e5 24. g4 Qa7+ 25. Bf2 Qa3 26. Qd2 exf4 27. Qxf4 Nd7 28. Rc2 Nce5 29. Nd4 Rxc2 30. Nxc2 Qa5 31. Kg2 Nc5 32. Ne3 Ne6 33. Qg3 Rc8 34. Nd5 Bd8 35. Be1 Qb5 36. Bd3 Nxd3 37. Qxd3 Qxd3 38. Rxd3 Rc2+ 39. Rd2 1/2-1/2

[Event "SF Deizisau 2 - SK Schmiden/Cannstatt"]
[Site "?"]
[Date "2022.11.06"]
[Round "3.7"]
[White "Eisele, Steffen"]
[Black "Rempeli, Alex"]
[Result "1/2-1/2"]
[WhiteElo "2221"]
[BlackElo "2074"]
[PlyCount "127"]
[EventDate "2022.??.??"]

1. e4 e6 2. d4 d5 3. Nd2 c5 4. Ngf3 Nc6 5. c3 cxd4 6. cxd4 dxe4 7. Nxe4 Nf6 8. Nxf6+ Qxf6 9. Bd3 Bb4+ 10. Kf1 h6 11. a3 Bd6 12. b4 Bd7 13. Bb2 Ne7 14. Ne5 Bc6 15. Nxc6 bxc6 16. Rc1 O-O 17. Qe2 a5 18. d5 e5 19. dxc6 axb4 20. axb4 Bc7 21. b5 Rfd8 22. g3 Qe6 23. Kg2 Qd5+ 24. Be4 Qd2 25. Qxd2 Rxd2 26. Bc3 Rda2 27. Ra1 Kf8 28. Rxa2 Rxa2 29. Ra1 Rxa1 30. Bxa1 Nc8 31. Bd3 Ke7 32. Kf3 g6 33. g4 Nd6 34. Bxe5 Nxb5 35. Bxc7 Nxc7 36. Kf4 Kd6 37. Bc4 f6 38. Bd3 Nd5+ 39. Kf3 Ne7 40. Be4 f5 41. gxf5 gxf5 42. Bd3 Nxc6 43. Kf4 Ke6 44. Bxf5+ Kf6 45. Bc2 Nd4 46. Bd3 Ne6+ 47. Kg4 Ng7 48. Bc2 Ke5 49. h4 Kf6 50. Kf4 Ne6+ 51. Ke4 Ng7 52. Kd5 Ne6 53. Ke4 Ng7 54. Kf4 Ne6+ 55. Kg4 Ng7 56. Be4 Ke5 57. Bb7 Kf6 58. Bc8 Ke5 59. Kf3 Nh5 60. Ke3 Nf4 61. Bb7 Nh3 62. f3 Nf4 63. Kf2 Nh5 64. Ke3 1/2-1/2

[Event "SF Deizisau 2 - SK Schmiden/Cannstatt"]
[Site "?"]
[Date "2022.11.06"]
[Round "3.8"]
[White "Gheng, Dominik"]
[Black "Scheeff, Volker"]
[Result "1/2-1/2"]
[WhiteElo "1987"]
[BlackElo "2041"]
[PlyCount "20"]
[EventDate "2022.??.??"]

1. e4 e6 2. d4 d5 3. Nd2 Be7 4. Bd3 c5 5. Ngf3 Nf6 6. exd5 Qxd5 7. dxc5 Qxc5 8. Nb3 Qh5 9. Bf4 Nc6 10. O-O O-O 1/2-1/2

[Event "TG Biberach - SC Böblingen"]
[Site "?"]
[Date "2022.11.06"]
[Round "3.1"]
[White "Kuklin, Valentin"]
[Black "Sinz, Bernhard"]
[Result "1/2-1/2"]
[WhiteElo "2373"]
[BlackElo "2306"]
[PlyCount "37"]
[EventDate "2022.??.??"]

1. e4 e5 2. Nf3 Nc6 3. Bb5 f5 4. d3 fxe4 5. dxe4 Nf6 6. O-O Bc5 7. Bxc6 bxc6 8. Nxe5 O-O 9. Nc3 d6 10. Nxc6 Qe8 11. Nd4 Nxe4 12. Nxe4 Qxe4 13. c3 Kh8 14. f3 Qg6 15. Be3 Bb7 16. Nc2 Bxe3+ 17. Nxe3 Rae8 18. Qe2 Re5 19. Rae1 1/2-1/2

[Event "TG Biberach - SC Böblingen"]
[Site "?"]
[Date "2022.11.06"]
[Round "3.2"]
[White "Oberst, Thomas"]
[Black "Ortmann, David"]
[Result "0-1"]
[WhiteElo "2268"]
[BlackElo "2320"]
[PlyCount "76"]
[EventDate "2022.??.??"]

1. c4 Nf6 2. g3 c6 3. Bg2 d5 4. cxd5 cxd5 5. d4 Nc6 6. Nc3 Bf5 7. Nf3 e6 8. Nh4 Bg4 9. h3 Bh5 10. g4 Nd7 11. Nf3 Bg6 12. O-O Bd6 13. Bg5 f6 14. Be3 Rc8 15. Rc1 Nb6 16. Nb5 Bb8 17. b3 a6 18. Nc3 Qd6 19. Re1 Be4 20. Na4 Nxa4 21. bxa4 O-O 22. Rc3 Na5 23. Rxc8 Rxc8 24. Qd2 Nc4 25. Qc3 Rc6 26. Rc1 Rb6 27. g5 Rb2 28. gxf6 gxf6 29. Bh6 Rxe2 30. Ne5 fxe5 31. Bxe4 exd4 32. Bxh7+ Kxh7 33. Qf3 Qh2+ 34. Kf1 Rxf2+ 35. Qxf2 Qxf2+ 36. Kxf2 Kxh6 37. Rg1 d3 38. Rg8 d2 0-1

[Event "TG Biberach - SC Böblingen"]
[Site "?"]
[Date "2022.11.06"]
[Round "3.3"]
[White "Mueller, Ralf"]
[Black "Mack, Wolfgang"]
[Result "1/2-1/2"]
[WhiteElo "2342"]
[BlackElo "2248"]
[PlyCount "45"]
[EventDate "2022.??.??"]

1. d4 g6 2. e4 Bg7 3. Nf3 c6 4. Bd3 d5 5. e5 Na6 6. c3 h5 7. Qe2 Nh6 8. h3 Nc7 9. Nbd2 Bf5 10. Nf1 Bxd3 11. Qxd3 Nf5 12. Bd2 Qd7 13. O-O-O Ne6 14. Kb1 c5 15. Ne3 Nxe3 16. Bxe3 c4 17. Qc2 O-O-O 18. b3 b5 19. Ka1 Qc6 20. Rb1 Kd7 21. bxc4 Qxc4 22. Rb4 Qc6 23. Rhb1 1/2-1/2

[Event "TG Biberach - SC Böblingen"]
[Site "?"]
[Date "2022.11.06"]
[Round "3.4"]
[White "Fischer, Andre"]
[Black "Tran, Thanh Kien"]
[Result "1/2-1/2"]
[WhiteElo "2278"]
[BlackElo "2120"]
[PlyCount "134"]
[EventDate "2022.??.??"]

1. e4 c5 2. Nf3 Nc6 3. Bb5 Nf6 4. Bxc6 dxc6 5. d3 g6 6. O-O Bg7 7. h3 Nd7 8. Nc3 e5 9. Be3 Qe7 10. Nd2 Nf8 11. f4 exf4 12. Bxf4 Ne6 13. Bh2 O-O 14. Nc4 Rd8 15. e5 Nd4 16. Ne4 Be6 17. Nf6+ Kh8 18. Nd6 Nf5 19. Nxf5 Bxf5 20. g4 Bxf6 21. exf6 Qe3+ 22. Rf2 Be6 23. Qf1 Re8 24. Re1 Qd4 25. Be5 Qd7 26. Rfe2 c4 27. Qf4 cxd3 28. cxd3 Qxd3 29. Bc3 g5 30. Qe3 Qxe3+ 31. Rxe3 h6 32. Kf2 Kh7 33. Re5 Red8 34. a3 Rd3 35. R1e3 Rad8 36. Rxd3 Rxd3 37. Re3 Rd1 38. Re1 Rd5 39. Re5 Rd3 40. Re3 Rd7 41. Re4 Kg6 42. Rd4 Bd5 43. Kg3 Rd6 44. Rd3 Re6 45. h4 gxh4+ 46. Kxh4 Re4 47. Kg3 Be6 48. Rd4 Rxd4 49. Bxd4 Kg5 50. Bxa7 Bxg4 51. Be3+ Kh5 52. Bd2 Bd1 53. Bc3 Kg5 54. Bd2+ Kxf6 55. Bxh6 Ke5 56. Kf2 f5 57. Bg7+ Ke4 58. Bf6 f4 59. Bg7 b5 60. Bf6 Bg4 61. Bg7 Be6 62. Bf6 c5 63. Bg7 Bd5 64. Bf6 Kd3 65. Bg7 b4 66. axb4 cxb4 67. Bf6 Be4 1/2-1/2

[Event "TG Biberach - SC Böblingen"]
[Site "?"]
[Date "2022.11.06"]
[Round "3.5"]
[White "Schuh, Karsten"]
[Black "Wunder, Niklas"]
[Result "0-1"]
[WhiteElo "2174"]
[BlackElo "2047"]
[PlyCount "82"]
[EventDate "2022.??.??"]

1. Nf3 d5 2. c4 c6 3. g3 Nf6 4. Bg2 dxc4 5. Qc2 Be6 6. Na3 Qd5 7. O-O Nbd7 8. Re1 Qc5 9. h3 g6 10. d4 cxd3 11. Qxd3 Ne5 12. Nxe5 Qxe5 13. Bf4 Qa5 14. Nc4 Qa6 15. b3 Rd8 16. Qc2 Bg7 17. Rad1 O-O 18. e4 Nd7 19. Bf1 b5 20. Nd2 Ne5 21. Bxe5 Bxe5 22. Nf3 Bg7 23. Ng5 Bc8 24. Rxd8 Rxd8 25. Rd1 Rxd1 26. Qxd1 Qb6 27. Nf3 a6 28. Qd3 Qc7 29. a4 h6 30. Qc2 Qb6 31. Qd3 Be6 32. h4 Qc7 33. Qc2 Qd6 34. h5 Bg4 35. Nh2 Bd1 36. Qb1 gxh5 37. axb5 axb5 38. Qa2 h4 39. Kg2 hxg3 40. fxg3 Be5 41. Be2 Bxg3 0-1

[Event "TG Biberach - SC Böblingen"]
[Site "?"]
[Date "2022.11.06"]
[Round "3.6"]
[White "Birkenmaier, Rainer"]
[Black "Schulte, Torsten"]
[Result "1-0"]
[WhiteElo "2088"]
[BlackElo "2048"]
[PlyCount "75"]
[EventDate "2022.??.??"]

1. d4 c5 2. e3 cxd4 3. exd4 d5 4. Bd3 Nc6 5. c3 g6 6. Nf3 Bg7 7. O-O Nf6 8. Bf4 O-O 9. h3 Bf5 10. Bxf5 gxf5 11. Nbd2 e6 12. Ne5 Nxe5 13. Bxe5 Ne4 14. Bxg7 Kxg7 15. Nxe4 fxe4 16. f3 f5 17. fxe4 dxe4 18. Qb3 Qb6 19. Rf4 Qxb3 20. axb3 a6 21. g4 Rad8 22. Ra5 Kg6 23. Re5 Rf6 24. Kg2 Rd6 25. Kg3 Rd7 26. Rxe6 Rxe6 27. gxf5+ Kf6 28. fxe6+ Kxe6 29. Rxe4+ Kd6 30. Kf3 Rg7 31. Rh4 Re7 32. c4 Kc6 33. Rh6+ Kc7 34. d5 Re1 35. Rxh7+ Kc8 36. Rg7 Rf1+ 37. Ke4 Rf2 38. Ke5 1-0

[Event "TG Biberach - SC Böblingen"]
[Site "?"]
[Date "2022.11.06"]
[Round "3.8"]
[White "Weiss, Oliver"]
[Black "Remmler, Hans-Peter"]
[Result "1-0"]
[WhiteElo "2208"]
[BlackElo "2127"]
[PlyCount "65"]
[EventDate "2022.??.??"]

1. d4 d6 2. Bf4 Nf6 3. e3 g6 4. Nf3 Bg7 5. h3 O-O 6. Be2 c5 7. c3 b6 8. O-O Bb7 9. Nbd2 cxd4 10. cxd4 Nbd7 11. a4 a6 12. Bh2 Rc8 13. Qb3 Qc7 14. Bc4 Bxf3 15. gxf3 Qb7 16. Rac1 d5 17. Be2 Rxc1 18. Rxc1 Rc8 19. Rxc8+ Qxc8 20. Qc3 Qb7 21. Qc7 Qxc7 22. Bxc7 a5 23. Bb5 Bh6 24. f4 Kf8 25. Nf3 e6 26. Ne5 Ke7 27. Bxd7 Nxd7 28. Nxd7 Kxd7 29. Bxb6 Bf8 30. Bxa5 Kc6 31. b4 Be7 32. b5+ Kb7 33. Kf1 1-0

[Event "SV Jedesheim - SG Schwäbisch Gmünd"]
[Site "?"]
[Date "2022.11.06"]
[Round "3.1"]
[White "Jurek, Josef"]
[Black "Matt, Fabian"]
[Result "0-1"]
[WhiteElo "2211"]
[BlackElo "2264"]
[PlyCount "116"]
[EventDate "2022.??.??"]

1. Nf3 d5 2. e3 Nf6 3. c4 e6 4. b3 Be7 5. Bb2 O-O 6. g3 b6 7. Bg2 Bb7 8. O-O Nbd7 9. Nc3 c5 10. Qe2 Rc8 11. Rfd1 Qc7 12. Rac1 Qb8 13. cxd5 Nxd5 14. Nxd5 Bxd5 15. d4 Qb7 16. Ne1 Bxg2 17. Nxg2 cxd4 18. Bxd4 Bf6 19. Bxf6 Nxf6 20. Ne1 h6 21. Qb5 Rfd8 22. Rxd8+ Rxd8 23. Qc4 Ne4 24. Qc6 Qxc6 25. Rxc6 Rd1 26. Rc8+ Kh7 27. Kf1 Nc5 28. b4 Ne4 29. Rc7 Rd2 30. f3 Nd6 31. Rc2 Rd1 32. Ke2 Ra1 33. Nd3 Rh1 34. Nf2 Rxh2 35. e4 Nb5 36. Ke3 Rg2 37. a4 Nd6 38. g4 b5 39. axb5 Nxb5 40. Rc5 a6 41. Rc6 e5 42. Rxa6 Nd4 43. Ra2 Rg3 44. Kd3 Rxf3+ 45. Kc4 Rb3 46. Nd3 f6 47. Rb2 Rxb2 48. Nxb2 Kg6 49. Nd1 Kg5 50. Ne3 g6 51. b5 Nxb5 52. Kxb5 Kf4 53. Nd5+ Kxg4 54. Nxf6+ Kf3 55. Kc4 h5 56. Kd3 h4 57. Nd7 h3 58. Nxe5+ Kg3 0-1

[Event "SV Jedesheim - SG Schwäbisch Gmünd"]
[Site "?"]
[Date "2022.11.06"]
[Round "3.2"]
[White "Kranzl, Julian"]
[Black "Flajsman, Pavel"]
[Result "1/2-1/2"]
[WhiteElo "2295"]
[BlackElo "2240"]
[PlyCount "108"]
[EventDate "2022.??.??"]

1. Nf3 d5 2. g3 Nf6 3. Bg2 c5 4. O-O e6 5. d4 cxd4 6. Nxd4 e5 7. Nb3 h6 8. c4 dxc4 9. Qxd8+ Kxd8 10. Na5 Kc7 11. Nxc4 Nc6 12. Bxc6 bxc6 13. Nxe5 Be6 14. Bf4 Kb7 15. Nc3 g5 16. Be3 Bd6 17. Nd3 Nd5 18. Bd4 Nxc3 19. bxc3 Rhe8 20. Rab1+ Kc7 21. Rb2 Bc4 22. Rfb1 Rxe2 23. Rxe2 Bxd3 24. Rbb2 Bxe2 25. Rxe2 c5 26. Bg7 Rg8 27. Be5 Kc6 28. Bxd6 Kxd6 29. Rd2+ Kc6 30. Kg2 Re8 31. Kf3 f5 32. c4 Re4 33. Rc2 g4+ 34. Kg2 Kd6 35. f3 gxf3+ 36. Kxf3 Ke5 37. Rc3 Kd4 38. Ra3 Kxc4 39. Rxa7 Kd3 40. a4 c4 41. Rd7+ Kc2 42. a5 c3 43. a6 Ra4 44. a7 Kb2 45. Rb7+ Kc1 46. Ke2 c2 47. Rc7 Kb2 48. Rb7+ Kc1 49. Rc7 Ra6 50. Rd7 Kb2 51. Rb7+ Kc1 52. Rd7 Ra2 53. Rb7 Ra4 54. Rc7 Kb2 1/2-1/2

[Event "SV Jedesheim - SG Schwäbisch Gmünd"]
[Site "?"]
[Date "2022.11.06"]
[Round "3.3"]
[White "Hoenick, Andreas"]
[Black "Hofer, Emilian"]
[Result "1/2-1/2"]
[WhiteElo "2140"]
[BlackElo "2256"]
[PlyCount "61"]
[EventDate "2022.??.??"]

1. d4 d5 2. c4 c6 3. Nc3 Nf6 4. Nf3 dxc4 5. a4 Bf5 6. e3 e6 7. Bxc4 Bb4 8. O-O Nbd7 9. Qe2 Bg6 10. e4 O-O 11. Bd3 Re8 12. Bf4 Bh5 13. e5 Nd5 14. Nxd5 cxd5 15. Qe3 Bg6 16. Bxg6 fxg6 17. Qb3 Qa5 18. Rfc1 Rf8 19. Be3 Rxf3 20. gxf3 Rf8 21. Kg2 Nb8 22. Rc2 Nc6 23. Rac1 Qb6 24. Bd2 a5 25. Rxc6 bxc6 26. Bxb4 axb4 27. Rc5 Ra8 28. Qc2 Ra6 29. b3 Kf7 30. Qc1 Ke8 31. Qg5 1/2-1/2

[Event "SV Jedesheim - SG Schwäbisch Gmünd"]
[Site "?"]
[Date "2022.11.06"]
[Round "3.4"]
[White "Anistratov, Dmitriy"]
[Black "Weiss, Andreas"]
[Result "1-0"]
[WhiteElo "2257"]
[BlackElo "2132"]
[PlyCount "79"]
[EventDate "2022.??.??"]

1. Nf3 Nf6 2. g3 b6 3. Bg2 Bb7 4. O-O c5 5. a4 e6 6. Na3 Nc6 7. d4 Be7 8. Nc4 d5 9. Nce5 Rc8 10. Nxc6 Bxc6 11. Ne5 Bb7 12. a5 b5 13. dxc5 Bxc5 14. Nd3 Bd6 15. a6 Bc6 16. Be3 Qc7 17. c3 O-O 18. Bc5 Rfd8 19. Bxd6 Qxd6 20. Qb3 Bd7 21. Qb4 Qb6 22. Ne5 Be8 23. Rfd1 Qc7 24. Qd4 Rb8 25. e3 Rdc8 26. h3 Rb6 27. Nd3 Nd7 28. e4 dxe4 29. Bxe4 Rd6 30. Qe3 Nb6 31. Ne5 Rcd8 32. Rxd6 Qxd6 33. Bb7 f6 34. Nf3 e5 35. Nh4 g6 36. Nf3 Bc6 37. Bxc6 Qxc6 38. Nd2 Kg7 39. h4 Qd7 40. Ne4 1-0

[Event "SV Jedesheim - SG Schwäbisch Gmünd"]
[Site "?"]
[Date "2022.11.06"]
[Round "3.5"]
[White "Bergner, Philipp"]
[Black "Bossinger, Patrick"]
[Result "1-0"]
[WhiteElo "2110"]
[BlackElo "2006"]
[PlyCount "51"]
[EventDate "2022.??.??"]

1. d4 Nf6 2. c4 c5 3. d5 b5 4. cxb5 a6 5. b6 Qxb6 6. Nc3 g6 7. e4 d6 8. Nf3 Bg4 9. Be2 Bxf3 10. Bxf3 Nbd7 11. O-O Bg7 12. Rb1 O-O 13. Be3 a5 14. Qc2 Rfc8 15. Be2 Ne8 16. Bg5 Qd8 17. f4 Nc7 18. e5 Qf8 19. Bg4 e6 20. Rbd1 f5 21. Bf3 Nb6 22. dxe6 dxe5 23. e7 Qf7 24. Rd8+ Ne8 25. Bxa8 Rxa8 26. Nd5 1-0

[Event "SV Jedesheim - SG Schwäbisch Gmünd"]
[Site "?"]
[Date "2022.11.06"]
[Round "3.7"]
[White "Pohl, Walter"]
[Black "Buechele, Johannes"]
[Result "1/2-1/2"]
[WhiteElo "2105"]
[BlackElo "1922"]
[PlyCount "47"]
[EventDate "2022.??.??"]

1. e4 c5 2. Nf3 d6 3. Bb5+ Bd7 4. Bxd7+ Nxd7 5. O-O Ngf6 6. Re1 e6 7. c3 Be7 8. d4 O-O 9. e5 Ne8 10. Nbd2 cxd4 11. cxd4 Nc7 12. Ne4 dxe5 13. dxe5 Nc5 14. Nxc5 Qxd1 15. Rxd1 Bxc5 16. Bg5 Nd5 17. Nd2 h6 18. Bh4 Rfc8 19. Ne4 Rc6 20. Kf1 Rac8 21. Bg3 f5 22. exf6 gxf6 23. a3 f5 24. Nxc5 1/2-1/2

[Event "SV Jedesheim - SG Schwäbisch Gmünd"]
[Site "?"]
[Date "2022.11.06"]
[Round "3.8"]
[White "Jaskulski, Jan"]
[Black "Sturm, Bernhard"]
[Result "1-0"]
[WhiteElo "1843"]
[BlackElo "2013"]
[PlyCount "51"]
[EventDate "2022.??.??"]

1. e4 e6 2. d4 d5 3. Nc3 dxe4 4. Nxe4 Bd7 5. Nf3 Bc6 6. Bd3 Nd7 7. O-O Ngf6 8. Nxf6+ Qxf6 9. Ng5 g6 10. c4 Be7 11. b4 b5 12. cxb5 Bd5 13. Be3 O-O 14. a3 Bd6 15. Qg4 Qg7 16. Qe2 e5 17. Be4 exd4 18. Bxd5 Rae8 19. Bxd4 Bxh2+ 20. Kh1 Be5 21. Nxf7 Bxd4 22. Nd6+ Kh8 23. Nxe8 Qh6+ 24. Kg1 Bxa1 25. Rxa1 Nb6 26. Qb2+ 1-0

[Event "Stuttgarter SF 2 - SK Schwäbisch Hall"]
[Site "?"]
[Date "2022.11.06"]
[Round "3.1"]
[White "Jacko, Vladimir"]
[Black "Brueckner, Thomas"]
[Result "1/2-1/2"]
[WhiteElo "2395"]
[BlackElo "2372"]
[PlyCount "55"]
[EventDate "2022.??.??"]

1. d4 d5 2. c4 c6 3. Nf3 Nf6 4. g3 Bf5 5. Nc3 e6 6. Qb3 Qb6 7. c5 Qxb3 8. axb3 h6 9. Bg2 Be7 10. b4 O-O 11. b5 cxb5 12. Nxb5 Nc6 13. Bf4 Ne4 14. O-O g5 15. Be3 Bg6 16. Rfc1 a6 17. Nc3 Bf6 18. Ra4 Bg7 19. Ne1 f5 20. f4 g4 21. Nc2 Be8 22. Ra3 h5 23. Rd1 Na7 24. Bf1 Nb5 25. Nxb5 Bxb5 26. Bd2 h4 27. Be1 Kf7 28. Rb3 1/2-1/2